empires sur des cartes - Statistiques

Statistiques générales
  • Ce quiz a été pris 118 fois
  • Le résultat moyen est 9 sur 16
Statistiques - réponses
Par images Hint Réponse % Correct
1670 premier empire colonial Français
100%
1920 empire britannique
99%
1821 premier empire mexicain
87%
1693 empire ottoman
84%
1911 empire colonial allemand
82%
1700 empire colonial danois
80%
1527 empire inca
78%
1939 empire colonial belge
76%
-323 empire macédonien
60%
555 empire byzantin
53%
1230 second empire bulgare
42%
-500 empire achéménide
26%
1415 dynastie ming
24%
800 empire tibétain
15%
-250 empire maurya
14%
150 empire Xiongnu
8%
Aucun quiz correspondant
Distribution des résultats
% des personnes avec chaque résultat
Percentile par nombre de réponses
Votre historique - résultats
Vous n’avez pas pris ce quiz